[Event "Zaragoza Province-ch Primera"]
[Site "Zaragoza"]
[Date "2015.10.25"]
[Round "4"]
[White "Laborda Perez, Jose Antonio"]
[Black "Maisterra Merino, Aaron"]
[Result "1-0"]
[WhiteElo "1588"]
[BlackElo "1449"]
[PlyCount "131"]
[EventDate "2015.09.27"]
[EventType "swiss"]
[EventRounds "6"]
[EventCountry "ESP"]
[SourceTitle "CBM 170 Extra"]
[Source "ChessBase"]
[SourceDate "2016.02.25"]
[SourceVersion "1"]
[SourceVersionDate "2016.02.25"]
[SourceQuality "1"]

1. d4 d5 2. Nf3 e6 3. Bf4 Nf6 4. e3 c5 5. c3 Be7 6. Be2 0-0 7. 0-0 Nc6 8. dxc5 Bxc5 9. Nbd2 Re8 10. Rc1 e5 11. Bg5 Bf5 12. b4 Bd6 13. Qb3 e4 14. Nd4 Nxd4 15. cxd4 Be6 16. a3 a6 17. f3 h6 18. Bh4 b5 19. Qb2 Bf5 20. fxe4 Bxe4 21. Bxf6 gxf6 22. Nxe4 dxe4 23. Rf5 Kh7 24. Rcf1 Be7 25. Bh5 Rf8 26. Qc2 Qd7 27. Qxe4 Qe6 28. Qd3 Qc4 29. Qb1 Kg7 30. Rc1 Qe6 31. Qd3 Rac8 32. Rxc8 Rxc8 33. Rf1 Qc4 34. Rd1 Qd5 35. Bf3 Qe6 36. h3 Rc7 37. Bg4 Qd5 38. Bf3 Qe6 39. Kf2 Rc4 40. Qb3 Qd7 41. Rd3 Bd6 42. Rc3 Rc7 43. Qc2 Rxc3 44. Qxc3 Kf8 45. Qc2 Qc7 46. Qxc7 Bxc7 47. Bb7 a5 48. Bc6 axb4 49. axb4 Bd6 50. Bxb5 Bxb4 51. e4 Ke7 52. Bc4 Bd2 53. Kf3 h5 54. Ke2 Bg5 55. Kd3 Kd6 56. Bxf7 h4 57. Kc4 Be3 58. Kd3 Bg5 59. Ke2 Ke7 60. Bg6 Kd6 61. Kf3 Ke7 62. Kg4 Kd6 63. Kf5 Ke7 64. Bh5 Kd6 65. d5 Ke7 66. e5 1-0